书目信息 |
| 题名: |
涂料合成树脂工
|
|
| 作者: | 刘登良 主编 | |
| 分册: | ||
| 出版信息: | 北京 化学工业出版社 2007 |
|
| 页数: | 306页 | |
| 开本: | 21cm | |
| 丛书名: | ||
| 单 册: | ||
| 中图分类: | TQ630.6 | |
| 科图分类: | ||
| 主题词: | 涂料--合成树脂--职业技能鉴定--教材 , 涂料 , 合成树脂 , 职业技能鉴定 | |
| 电子资源: | ||
| ISBN: | 978-7-5025-928-6 | |
| 000 | 00889nam0 2200277 450 | |
| 001 | 012007396207 | |
| 005 | 20070522171311.42 | |
| 010 | @a978-7-5025-928-6@dCNY25.00 | |
| 100 | @a20070514d2007 km y0chiy0120 ea | |
| 101 | 0 | @achi |
| 102 | @aCN@b110000 | |
| 105 | @aa z 000yy | |
| 106 | @ar | |
| 200 | 1 | @a涂料合成树脂工@Atu liao he cheng shu zhi gong@f刘登良主编@Fliu deng liang zhu bian |
| 210 | @a北京@c化学工业出版社@d2007 | |
| 215 | @a306页@c图@d21cm | |
| 300 | @a涂料行业职业技能鉴定培训教材 | |
| 330 | @a本书绍了涂料用树脂的合成工艺,设备基础知识和基本原理,合成单元操作的基本技能,合成树脂产品性能、产品标准及控制指标。 | |
| 606 | 0 | @a涂料@x合成树脂@x职业技能鉴定@j教材 |
| 606 | 0 | @a涂料 |
| 606 | 0 | @a合成树脂 |
| 606 | 0 | @a职业技能鉴定 |
| 690 | @aTQ630.6@v4 | |
| 701 | 0 | @a刘登良@Aliu deng liang@4主编 |
| 801 | 0 | @aCN@bRULIN@c20070522 |
| 905 | @dTQ630.6@e21@s8 | |
| 涂料合成树脂工/刘登良主编.-北京:化学工业出版社,2007 |
| 306页:图;21cm |
| 涂料行业职业技能鉴定培训教材 |
| ISBN 978-7-5025-928-6:CNY25.00 |
| 本书绍了涂料用树脂的合成工艺,设备基础知识和基本原理,合成单元操作的基本技能,合成树脂产品性能、产品标准及控制指标。 |
| ● |
| 相关链接 |
|
|
|
|
正题名:涂料合成树脂工
索取号:TQ630.6/21
 
预约/预借
| 序号 | 登录号 | 条形码 | 馆藏地/架位号 | 状态 | 备注 |
| 1 | 0573689 | 205736890 | 第二样本阅览室/ [索取号:TQ630.6/21] | 在馆 | |
| 2 | 0573690 | 205736907 | 密集书库/ [索取号:TQ630.6/21] | 在馆 | |
| 3 | 0573691 | 205736916 | 密集书库/ [索取号:TQ630.6/21] | 在馆 | |
| 4 | 0573692 | 205736925 | 密集书库/ [索取号:TQ630.6/21] | 在馆 | |
| 5 | 0573693 | 205736934 | 第三借阅区/ [索取号:TQ630.6/21] | 在馆 | |
| 6 | 0573694 | 205736943 | 第三借阅区/ [索取号:TQ630.6/21] | 在馆 | |
| 7 | 0573695 | 205736952 | 第三借阅区/ [索取号:TQ630.6/21] | 在馆 | |
| 8 | 0573696 | 205736961 | 密集书库/ [索取号:TQ630.6/21] | 在馆 |